|
|
|
|
| LEADER |
00000naa2a2200000 4500 |
| 001 |
590660 |
| 005 |
20231101131625.0 |
| 035 |
|
|
|a (RuTPU)RU\TPU\tpu\3
|
| 090 |
|
|
|a 590660
|
| 100 |
|
|
|a 20011210d1960 k y0rusy50 ca
|
| 101 |
0 |
|
|a rus
|
| 102 |
|
|
|a RU
|
| 200 |
1 |
|
|a Проблема истинности понятий в свете ленинской теории отражения
|f И. Г. Рубинов
|
| 461 |
|
1 |
|0 (RuTPU)RU\TPU\book\211718
|t Труды Томского государственного университета
|f Томский государственный университет (ТГУ) ; отв. ред. В. Т. Макаров
|d 1932-
|
| 463 |
|
1 |
|0 (RuTPU)RU\TPU\retro\29409
|t Т. 149 : Некоторые вопросы ленинского философского наследства
|o материалы конференции, посвященной 50-летию книги В. И. Ленина "Материализм и эмпириокритицизм"
|f Научная конференция Томского государственного университета имени В. В. Куйбышева ; под ред. К. П. Ярошевского
|v С. 55-60
|d 1960
|p 192 с.
|s Серия философская
|
| 610 |
1 |
|
|a марксизм-ленинизм
|
| 610 |
1 |
|
|a философия
|
| 610 |
1 |
|
|a понятия
|
| 610 |
1 |
|
|a истинность
|
| 610 |
1 |
|
|a труды учёных ТПУ
|
| 700 |
|
1 |
|a Рубинов
|b И. Г.
|
| 801 |
|
0 |
|a RU
|b 63413507
|c 20011210
|g PSBO
|
| 801 |
|
2 |
|a RU
|b 63413507
|c 20221209
|g PSBO
|
| 942 |
|
|
|c BK
|